000 00438nam a22001457a 4500
020 _qHard Cover.
040 _cSINES-NUST.
082 _a570.2-GHI
100 _aNimrah Ghias.
_991003
245 _aUsing Machine Learning Algorithms to Predict Sepsis and Its Stages in ICU Patients /
_cGhias, Nimrah
260 _aIslamabad:
_bSINES-NUST,
_c2022.
300 _a82 p. :
_bill. ;
_c30cm.
650 _2MS-Bioinformatics.
942 _2ddc
_cTHE
999 _c589201
_d589201